Popularne numery rap/trap tygodnia 19-25.03 Spotify. - Statystyki

Ogólne statystyki
  • Ten quiz został rozwiązany 9 razy
  • Średni wynik to 17 z 30
Statystyki odpowiedzi
Wykonawca Odsłuchania Utwór % Poprawnych
Young Leosia 656K Szklanki
100%
Ekipa 870K 3KIPA
89%
Quebonafide, Daria Zawiałow 342K BUBBLETEA
89%
Sobel 330K Kinol
89%
Guzior 609K BLUEBERRY
78%
Guzior, Oskar83 472K FALA
78%
Sobel 369K Impreza
78%
Wiatr, Sobel, Be Vis 434K Testarossa
78%
Sobel 407K Alien
67%
Reto 351K Billy Kid
67%
Alberto 344K Dwutakt
67%
Kizo, Trill Pem 397K Fitness
67%
Janusz Walczuk 382K Janusz Walczuk
67%
Żabson 397K OBOK
67%
Bedoes, Lanek 319K TOA$T /
67%
Wac Toja 260K Kapitan
56%
Kabe, Opiat 286K Nad ranem
56%
Tymek, Kuba Karaś, Urbanski 269K Oczko w głowie
56%
Favst, Gibbs, Kukon 250K halo
44%
Chivas, White 2115 419K Mam Na Twarzy Krew I Tym Razem Nie Jest Sztuczna
44%
OIO 436K Moonwalk
44%
Hodak, 2K, Deemz 319K Oh No!
44%
Taco Hemingway 266K Polskie Tango
44%
Mata 246K Schodki
44%
Malik Montana, Tovaritch 327K Bratan
33%
Sobel 303K To Ja
33%
OIO 449K WMTB
33%
Bedoes, Lanek 257K City Boy
22%
PRO8L3M 376K Fight Club
22%
Żabson 248K Trapczan
11%
Nie znaleziono quizów pasujących do podanych kryteriów
Rozkład punktacji
Procent ludzi z każdym wynikiem
Percentyl według liczby udzielonych odpowiedzi
Twoja historia wyników
Nie rozwiązałeś tego quizu